000 00705nam a22002177a 4500
999 _c11481
_d11481
003 AR-CdUCM
008 190404b ||||| |||| 00| 0 spa d
040 _aMUNICIPALIDAD PROVINCIAL DEL CUSCO
_cBIBLIOTECA MUNICIPAL DEL CUSCO
082 _aC / 869.5601 /
_bL81H
100 _aLoayza Velasquez, Victor Raul
_924394
245 _aHistoria :
_b1968 - 1970 /
260 _aCusco :
_bMuseo de Arte,
_c1974.
300 _a80 páginas ;
_c20 cm.
505 _aContenido: Poesía.
650 _aLiteratura Peruanas
_916514
650 _aPoesías Cusqueña
_928615
650 _aSiglo XX
_98
710 _aInstituto Nacional de Cultura, filial Cusco (auspicio)
_924395
942 _2ddc
_cLIBROS
945 _aachl